000 00881nam a2200217Ii 4500
003 JO-AjNU
008 230605s9999||||xx |||||||||||||| ||und||
017 _a2015/8/3547
040 _aJO-AjNU
_bara
_erda
_cJO-AjNU
041 _aara
050 1 4 _aHM 24 2015
100 3 _aتاليف ريد، سارة ، م.مشارك ديف اوفرفيلت ؛ ترجمة رماح ناجي,
_eauthor
_952157
245 0 0 _aالمشاركة المدنية : 10 أسئلة لتصميم خطة فاعلة = Civic Engagement: 10 Questiones to shape an effective plan
264 3 1 _aعمان: جمعية المركز الثقافي العربي، 2015
300 _a69ص
336 _atext
_btxt
_2rdacontent
337 _aunmediated
_bn
_2rdamedia
338 _avolume
_bnc
_2rdacarrier
490 0 _aسلسلة الثقافة المدنية ؛1
650 4 _aالثقافة المدنية
_952158
999 _aA23087
_c26655
_d26655